000 00453nam a2200181Ia 4500
005 20250508151418.0
008 008 250505s9999 xx 000 0 eng d
037 _aTextBook
040 _aFEDL
_beng
_cFEDL
041 _aeng
_2eng
084 _a323, SAN
_qFEDL
100 _aSanders Irwin T.
245 0 _aMaking good communities better
260 _c1950
300 _avi,197p.
942 _cTB
_h323, SAN
999 _c1329618
_d1329618